<?xml version="1.0" encoding="UTF-8"?><?xml-stylesheet type="text/xsl" href="static/style.xsl"?><OAI-PMH xmlns="http://www.openarchives.org/OAI/2.0/" xmlns:xsi="http://www.w3.org/2001/XMLSchema-instance" xsi:schemaLocation="http://www.openarchives.org/OAI/2.0/ http://www.openarchives.org/OAI/2.0/OAI-PMH.xsd"><responseDate>2026-04-17T11:24:14Z</responseDate><request verb="GetRecord" identifier="oai:www.recercat.cat:2072/257693" metadataPrefix="marc">https://recercat.cat/oai/request</request><GetRecord><record><header><identifier>oai:recercat.cat:2072/257693</identifier><datestamp>2024-12-13T09:43:29Z</datestamp><setSpec>com_2072_63425</setSpec><setSpec>com_2072_63424</setSpec><setSpec>com_2072_63412</setSpec><setSpec>com_2072_2015</setSpec><setSpec>col_2072_63426</setSpec></header><metadata><record xmlns="http://www.loc.gov/MARC21/slim" xmlns:dcterms="http://purl.org/dc/terms/" xmlns:xsi="http://www.w3.org/2001/XMLSchema-instance" xmlns:doc="http://www.lyncode.com/xoai" xsi:schemaLocation="http://www.loc.gov/MARC21/slim http://www.loc.gov/standards/marcxml/schema/MARC21slim.xsd">
   <leader>00925njm 22002777a 4500</leader>
   <datafield ind2=" " ind1=" " tag="042">
      <subfield code="a">dc</subfield>
   </datafield>
   <datafield ind2=" " ind1=" " tag="720">
      <subfield code="a">Colomé Simó, Josep</subfield>
      <subfield code="e">author</subfield>
   </datafield>
   <datafield ind2=" " ind1=" " tag="520">
      <subfield code="a">Aquest treball pretén facilitar la tasca de control del programari en equips connectats a una xarxa, mitjançant un nou sistema de control, per tal de millorar la seguretat, el rendiment i el bon funcionament de les estacions de treball i, alhora, poder donar dades exactes del programari utilitzat, validant que tot el programari està autoritzat per l'organització.</subfield>
   </datafield>
   <datafield ind2=" " ind1=" " tag="520">
      <subfield code="a">Este trabajo pretende facilitar la tarea de control del software en equipos conectados a una red, mediante un nuevo sistema de control, con el fin de mejorar la seguridad, el rendimiento y el buen funcionamiento de las estaciones de trabajo y, al mismo tiempo, poder dar datos exactos del software utilizado, validando que todo el software está autorizado por la organización.</subfield>
   </datafield>
   <datafield ind2=" " ind1=" " tag="520">
      <subfield code="a">Bachelor thesis for the Computer Science program.</subfield>
   </datafield>
   <datafield ind1="8" ind2=" " tag="024">
      <subfield code="a">http://hdl.handle.net/10609/45563</subfield>
   </datafield>
   <datafield tag="653" ind2=" " ind1=" ">
      <subfield code="a">xarxes informàtiques</subfield>
   </datafield>
   <datafield tag="653" ind2=" " ind1=" ">
      <subfield code="a">redes de ordenadores</subfield>
   </datafield>
   <datafield tag="653" ind2=" " ind1=" ">
      <subfield code="a">computer networks</subfield>
   </datafield>
   <datafield tag="653" ind2=" " ind1=" ">
      <subfield code="a">seguretat informàtica</subfield>
   </datafield>
   <datafield tag="653" ind2=" " ind1=" ">
      <subfield code="a">seguridad informática</subfield>
   </datafield>
   <datafield tag="653" ind2=" " ind1=" ">
      <subfield code="a">computer security</subfield>
   </datafield>
   <datafield tag="653" ind2=" " ind1=" ">
      <subfield code="a">gestió de programari</subfield>
   </datafield>
   <datafield tag="653" ind2=" " ind1=" ">
      <subfield code="a">gestión de software</subfield>
   </datafield>
   <datafield tag="653" ind2=" " ind1=" ">
      <subfield code="a">software management</subfield>
   </datafield>
   <datafield tag="653" ind2=" " ind1=" ">
      <subfield code="a">Computer networks -- Management -- TFG</subfield>
   </datafield>
   <datafield tag="653" ind2=" " ind1=" ">
      <subfield code="a">Ordinadors, Xarxes d'-- Gestió -- TFG</subfield>
   </datafield>
   <datafield tag="653" ind2=" " ind1=" ">
      <subfield code="a">Ordenadores, Redes de -- Gestión -- TFG</subfield>
   </datafield>
   <datafield ind2="0" ind1="0" tag="245">
      <subfield code="a">Control centralitzat del programari en una xarxa</subfield>
   </datafield>
</record></metadata></record></GetRecord></OAI-PMH>